000 00618nam a2200241Ia 4500
003 OSt
005 20221007074138.0
006 a|||||r|||| 00| 0
007 ta
008 221006b |||||||| |||| 00| 0 eng d
024 _a17,298
037 _cTextual
040 _aFLL
_cFLL
_beng
041 _2eng
_aeng
082 _aXM55:Z2, H6
100 _aRao K.V. Au.
_9682493
245 0 _aIndian companies act
250 _a1st
260 _aMadras
_bMadras law journal office India
_c1946
300 _a1201p
_ccm.
942 _hXM55:Z2, H6
_cTEXL
_2CC
999 _c1151319
_d1151319